Studies of Virus Factors as Causes of Inapparent Infection in Japanese В Encephalitis: Virus Strains, Viraemia, Stability to Heat and Infective Dosage

Bibliographic Details
Main Author: Huang, C. H. (Author)
Format: Article
Language:English

MARC

LEADER 00000nab a2200000ua 4500
001 vtls010796582
003 SK-MaSNL
005 20260303191156.0
008 230222s1957 xo |||||||||||||||||eng|
035 |a (urnnbn)urn:nbn:sk:snk:ar-a029ms 
035 |a (uuid)2dc47109-f2c2-4ac4-9778-b9b4d2f10f5a 
035 |a urn:nbn:sk:snk-ab4ihc 
040 |a SNKBUCL  |b slo  |c SNKBUCL  |e AACR2 
041 0 |a eng 
044 |a xo  |c SK 
100 1 |a Huang, C. H.  |4 aut  |9 1215750 
245 1 0 |a Studies of Virus Factors as Causes of Inapparent Infection in Japanese В Encephalitis: Virus Strains, Viraemia, Stability to Heat and Infective Dosage  |c C. H. Huang 
773 0 |t Acta virologica  |g Roč. 1, č. 1 (1957), s. 36-45 
958 |a OND 
958 |a EUIPO 
958 |a article3 
999 |c 2139777  |d 2141707